Retail Business 2000 : (Record no. 594186)

MARC details
000 -LEADER
fixed length control field 00367nam a2200157 a 4500
008 - FIXED-LENGTH DATA ELEMENTS--GENERAL INFORMATION
fixed length control field 251027s2025##################000#0#eng##
020 ## - INTERNATIONAL STANDARD BOOK NUMBER
ISBN 9788131508695
082 04 - DEWEY DECIMAL CLASSIFICATION NUMBER
Classification number 658.87
Item number TOW
100 1# - MAIN ENTRY--AUTHOR NAME
Personal name Townsley,
245 10 - TITLE STATEMENT
Title Retail Business 2000 :
942 ## - ADDED ENTRY ELEMENTS (KOHA)
Koha item type English Books
Holdings
Withdrawn status Lost status Damaged status Not for loan Home library Current library Shelving location Date acquired Full call number Accession Number Price effective from Koha item type
        Anna Centenary Library Anna Centenary Library 6TH FLOOR, B WING 27.10.2025 658.87 TOW 303470 27.10.2025 English Books

Find us on the map